Top 5 European Leagues Top Clean Sheets: 2017/18 - Statistics

General Stats
  • This quiz has been taken 7 times
  • The average score is 13 of 32
Answer Stats
League Clean Sheets Club Nationality Player % Correct
Premier League 15 Chelsea Belgium Thibaut Courtois
100%
Premier League 18 Manchester United Spain David de Gea
86%
Premier League 17 Manchester City Brazil Ederson
86%
Serie A 12 Juventus Italy Gianluigi Buffon
86%
Premier League 15 Tottenham France Hugo Lloris
86%
La Liga 22 Atletico Madrid Slovenia Jan Oblak
86%
La Liga 19 Barcelona Germany Marc-Andre ter Stegen
86%
Serie A 17 Roma Brazil Alisson
71%
Serie A 12 Milan Italy Gianluigi Donnarumma
71%
Serie A 17 Inter Slovenia Samir Handanovic
71%
Bundesliga 10 Bayer Leverkusen Germany Bernd Leno
57%
Serie A 18 Napoli Spain Pepe Reina
57%
Premier League 12 Burnley England Nick Pope
43%
Bundesliga 10 Hoffenheim Germany Oliver Baumann
43%
Bundesliga 13 Schalke Germany Ralf Fahrmann
43%
Bundesliga 12 Bayern Munich Germany Sven Ulreich
43%
Ligue 1 12 Toulouse Ivory Coast Alban Lafont
29%
Ligue 1 14 Lyon Portugal Anthony Lopes
29%
Ligue 1 12 Nantes Romania Ciprian Tatarusanu
29%
Bundesliga 12 Borussia Dortmund Switzerland Roman Burki
29%
Ligue 1 12 Marseille France Steve Mandanda
29%
Bundesliga 10 Freiburg Germany Alexander Schwolow
14%
Ligue 1 17 PSG France Alphonse Areola
14%
Ligue 1 14 Montpellier France Benjamin Lecomte
14%
La Liga 14 Leganes Spain Ivan Cuellar
14%
Ligue 1 12 Saint-Etienne France Stephane Ruffier
14%
La Liga 12 Alaves Spain Fernando Pacheco
0%
Serie A 15 Fiorentina Italy Marco Sportiello
0%
Serie A 12 Genoa Italy Mattia Perin
0%
Ligue 1 12 Caen France Remy Vercoutre
0%
Bundesliga 12 Stuttgart Germany Ron-Robert Zieler
0%
La Liga 12 Getafe Spain Vicente Guaita
0%
No matching quizzes found
Score Distribution
Percent of People with Each Score
Percentile by Number Answered
Your Score History
You have not taken this quiz